International business finance

Bibliographic Details
Main Authors: Wood, Douglas (Author), Byrne, James (Author)
Format: Book
Published: London : Macmillan , 1981
Subjects:

MARC

LEADER 00000cam a2200000 7i4500
001 0000021413
005 20040414093000.0
008 021119s1981
020 |a 0333212150 
090 0 0 |a HG4027.5   |b .W66 
100 0 |a Wood, Douglas ,   |e author 
245 1 0 |a International business finance   |c Douglas Wood, James Byrne 
260 2 |a London :   |b Macmillan ,   |c 1981 
300 |a 297 p. ;   |c 22 cm. 
504 |a Includes bibliographical references and index 
650 0 |a International business enterprises   |x Finance 
700 1 |a Byrne, James ,   |e author 
999 |a 1000018166   |b Book   |c OPEN SHELF (30 DAYS)   |e Gong Badak Campus